Score 0/7 Timer 03:00
0 Plays Today
Question Answer Wrong Answers
The General Assembly of the World Health Organization eliminates this from the list of psychiatric diseases.
1990
Homosexuality
87.9%
Depression
2.2%
Schizophrenia
2.9%
Narcissism
3.1%
The US Supreme Court hands down a unanimous decision in this case, which establishes that separate public schools for black and white students are unconstitutional.
1954
Brown v. Board of Education
86.9%
Plessy v. Ferguson
4.2%
Miranda v. Arizona
3.4%
Dred Scott v. Sandford
3.6%
The Columbia Lions and the Princeton Tigers play in the United States' first televised sporting event, a collegiate ______ game in New York City.
1939
Baseball
74.3%
Hockey
11.6%
Tennis
3.9%
Soccer
9.5%
Troops of revolutionary Laurent Kabila march into Kinshasa. Zaire is officially renamed this.
1997
Democratic Republic of the Congo
62%
Central African Republic
10.1%
Republic of the Congo
13%
Namibia
10.5%
This American boxer, well-known for his fights with Roberto Durán in the 1980s, is born.
1956
Sugar Ray Leonard
54.2%
Marvin Hagler
8%
Oscar De La Hoya
16.4%
Mike Tyson
18.7%
Greek archaeologist Valerios Stais discovers the Antikythera mechanism, believed to be an ancient mechanical ______.
1902
Analog Computer
41.4%
Battery
8.1%
Engine
8.6%
Clock
41.7%
Prince Charles calls a proposed addition to this art museum a 'monstrous carbuncle on the face of a much-loved and elegant friend', sparking controversies about the role of the Royal Family and the course of modern architecture.
1984
National Gallery
38.5%
Tate Modern
30.4%
Louvre
25.1%
Musée D’Orsay
2.5%
Remove Ads.
Support Sporcle.
Get the best of Sporcle when you Go Orange. This ad-free experience offers more features, more stats, and more fun while also helping to support Sporcle. Thank you for becoming a member.

You're not logged in!

Compare scores with friends on all Sporcle quizzes.
OR
Log In

Show Comments

Extras

Top Quizzes Today


Score Distribution

Your Account Isn't Verified!

In order to create a playlist on Sporcle, you need to verify the email address you used during registration. Go to your Sporcle Settings to finish the process.

Report this User

Report this user for behavior that violates our Community Guidelines.

Details: